[Event "SWE-chT 1819 Superettan"]
[Site "Sweden"]
[Date "2019.03.29"]
[Round "7"]
[White "Svensson, Mans"]
[Black "Akerman, Axel"]
[Result "0-1"]
[WhiteElo "2147"]
[BlackElo "2157"]
[PlyCount "110"]
[EventDate "2018.11.09"]
[EventType "team-tourn"]
[EventRounds "9"]
[EventCountry "SWE"]
[SourceTitle "EXT 2020"]
[Source "ChessBase"]
[SourceDate "2019.10.17"]
[SourceVersion "1"]
[SourceVersionDate "2019.10.17"]
[SourceQuality "1"]
[WhiteTeam "Upsala"]
[BlackTeam "Burgsvik Alva"]
[WhiteTeamCountry "SWE"]
[BlackTeamCountry "SWE"]

1. d4 d5 2. c4 e5 3. dxe5 d4 4. Nf3 Nc6 5. a3 Nge7 6. b4 Ng6 7. Bb2 Ngxe5 8. Nxe5 Nxe5 9. Bxd4 Nxc4 10. e3 Nd6 11. Qc2 Bf5 12. Qb2 f6 13. Nd2 Be7 14. Be2 0-0 15. 0-0 Qe8 16. Rac1 c6 17. Nb3 b6 18. Bf3 Rc8 19. Rfd1 Be6 20. Be2 Bd5 21. Nd2 Kh8 22. Qc2 Be6 23. Qa4 Rc7 24. Bf3 Bd7 25. Qb3 Nf5 26. Bb2 c5 27. Qd3 Nh4 28. Bd5 Ba4 29. Re1 Rd7 30. bxc5 Nxg2 31. c6 Rxd5 32. Qxd5 Nxe1 33. Rxe1 Bxc6 34. Qf5 Qd8 35. Nf1 g6 36. Qe6 Qd5 37. Qxd5 Bxd5 38. e4 Be6 39. Rc1 Rc8 40. Rxc8+ Bxc8 41. Ne3 Be6 42. Kg2 Kg7 43. f4 Bc5 44. Kf3 Kf7 45. Ke2 f5 46. exf5 Bxf5 47. Kf3 Bd7 48. Nc4 Bb5 49. Ne5+ Ke6 50. Ke4 Ba6 51. Kf3 Kf5 52. h4 Bb7+ 53. Kg3 Be3 54. Ng4 Bxf4+ 55. Kh3 Bg2+ 0-1

[Event "SWE-chT2 1617"]
[Site "Sweden"]
[Date "2016.10.16"]
[Round "3.3"]
[White "Akerman, Axel"]
[Black "Gonzalez, Emilio"]
[Result "1-0"]
[WhiteElo "2082"]
[BlackElo "1888"]
[PlyCount "83"]
[EventDate "2016.10.14"]
[EventType "team-tourn"]
[EventRounds "9"]
[EventCountry "SWE"]
[SourceTitle "EXT 2017"]
[Source "ChessBase"]
[SourceDate "2016.10.25"]
[SourceVersion "1"]
[SourceVersionDate "2016.10.25"]
[SourceQuality "1"]
[WhiteTeam "Burgsvik Alva"]
[BlackTeam "Vaxjo"]
[WhiteTeamCountry "SWE"]
[BlackTeamCountry "SWE"]

1. e4 c5 2. Nc3 a6 3. Nf3 e6 4. d4 cxd4 5. Nxd4 Nc6 6. Nxc6 bxc6 7. e5 d5 8. exd6 Qxd6 9. Bd3 Nf6 10. Qe2 Be7 11. a3 Bb7 12. Bd2 c5 13. f4 0-0 14. 0-0-0 Rab8 15. Bc4 Bd5 16. Rhe1 Qb6 17. b3 Rb7 18. h3 Rfb8 19. g4 Qc6 20. Rf1 Ne4 21. Nxe4 Bxe4 22. Bc3 a5 23. a4 Bd5 24. Be5 Rd8 25. Bb5 Qb6 26. c4 Bc6 27. f5 Bxb5 28. axb5 exf5 29. Rxd8+ Bxd8 30. Bc7 Bg5+ 31. Kc2 Qe6 32. Qxe6 fxe6 33. Bxa5 f4 34. h4 Bxh4 35. Rxf4 Bf6 36. b4 Bd4 37. Rxd4 cxd4 38. b6 Rxb6 39. Bxb6 e5 40. Kd3 Kf7 41. Bc7 Ke6 42. b5 1-0

[Event "SWE-chT 1314"]
[Site "Sweden"]
[Date "2013.11.24"]
[Round "3.1"]
[White "Akerman, Axel"]
[Black "De Verdier, Michael Carl Adam"]
[Result "0-1"]
[WhiteElo "2103"]
[BlackElo "2371"]
[PlyCount "172"]
[EventDate "2013.11.22"]
[EventType "team-tourn"]
[EventRounds "9"]
[EventCountry "SWE"]
[SourceTitle "CBM 157 Extra"]
[Source "ChessBase"]
[SourceDate "2013.12.19"]
[SourceVersion "1"]
[SourceVersionDate "2013.12.19"]
[SourceQuality "1"]
[WhiteTeam "Burgsvik Alva"]
[BlackTeam "Eksjo"]
[WhiteTeamCountry "SWE"]
[BlackTeamCountry "SWE"]

1. Nc3 e6 2. d4 d5 3. Bf4 Nf6 4. Qd2 Bb4 5. f3 c5 6. e3 Nh5 7. Bb5+ Nc6 8. Nge2 Nxf4 9. Nxf4 0-0 10. Bxc6 bxc6 11. Nd3 cxd4 12. Nxb4 dxc3 13. Qxc3 Qb6 14. Kf2 c5 15. Nd3 c4 16. Nf4 Rb8 17. Rab1 Bd7 18. h4 Rfe8 19. Rhd1 Rbd8 20. Ne2 e5 21. g4 d4 22. exd4 e4 23. Qxc4 Qf6 24. f4 Qxh4+ 25. Ke3 Qxg4 26. b4 Be6 27. Qb5 Rc8 28. Re1 Bxa2 29. Rb2 Bc4 30. Qg5 Qf3+ 31. Kd2 h6 32. Qg1 Bxe2 33. Rxe2 Qc3+ 34. Kc1 e3 35. Qd1 Re4 36. d5 Rcc4 37. Ra2 Rxb4 38. Qd3 Qc5 39. d6 Rbd4 40. Qa3 Qd5 41. Rxe3 Rd1+ 42. Kb2 Qd4+ 43. Rc3 Ree1 44. Qc5 Qxc5 45. Rxc5 Rxd6 46. Rxa7 Rf6 47. f5 Rf1 48. Raa5 h5 49. c4 h4 50. Rc8+ Kh7 51. Raa8 R6xf5 52. Rh8+ Kg6 53. Rxh4 Kg5 54. Rd4 R5f4 55. Rd5+ f5 56. c5 Rc4 57. Rg8 g6 58. Rc8 Kg4 59. Rcd8 g5 60. Kb3 Rfc1 61. Rc8 Rf4 62. Kb2 Rff1 63. Kb3 Rf2 64. Kb4 Rb2+ 65. Ka3 Rf2 66. Kb3 Kh4 67. Rh8+ Kg3 68. Rh5 Kg4 69. Rh8 Kg3 70. Rh5 Kg4 71. Rh8 Kf4 72. Rd4+ Ke5 73. Rc4 Rxc4 74. Kxc4 Rc2+ 75. Kb5 g4 76. Rg8 Kd5 77. Rd8+ Ke4 78. Rg8 Kf3 79. c6 g3 80. Kb6 g2 81. c7 Kf2 82. Rg5 g1Q 83. Rxf5+ Ke1+ 84. Kb7 Qg2+ 85. Kb8 Qg3 86. Rf7 Qb3+ 0-1

[Event "SWE-chT 1314"]
[Site "Sweden"]
[Date "2013.11.23"]
[Round "2.5"]
[White "Akerman, Axel"]
[Black "Engqvist, Thomas"]
[Result "0-1"]
[WhiteElo "2103"]
[BlackElo "2338"]
[PlyCount "46"]
[EventDate "2013.11.22"]
[EventType "team-tourn"]
[EventRounds "9"]
[EventCountry "SWE"]
[SourceTitle "CBM 157 Extra"]
[Source "ChessBase"]
[SourceDate "2013.12.19"]
[SourceVersion "1"]
[SourceVersionDate "2013.12.19"]
[SourceQuality "1"]
[WhiteTeam "Burgsvik Alva"]
[BlackTeam "Stockholm Rockaden"]
[WhiteTeamCountry "SWE"]
[BlackTeamCountry "SWE"]

1. e4 c6 2. d4 d5 3. e5 c5 4. dxc5 Nc6 5. Nf3 Bg4 6. Bb5 e6 7. Be3 Qa5+ 8. Nc3 a6 9. Bxc6+ bxc6 10. a3 Bxf3 11. gxf3 Ne7 12. b4 Qc7 13. f4 g5 14. Qh5 Nf5 15. Rd1 Bh6 16. Ne2 gxf4 17. Bd4 Bg7 18. 0-0 Bxe5 19. Rfe1 0-0-0 20. Bxe5 Qxe5 21. Qxf7 Rhg8+ 22. Kf1 Rg7 23. Qh5 Ne3+ 0-1

[Event "SWE-chT 1213"]
[Site "Sweden"]
[Date "2013.03.15"]
[Round "7"]
[White "Akerman, Axel"]
[Black "Eksmyr, Johan"]
[Result "1-0"]
[WhiteElo "2097"]
[BlackElo "2192"]
[PlyCount "79"]
[EventDate "2012.10.05"]
[EventType "team-tourn"]
[EventRounds "9"]
[EventCountry "SWE"]
[SourceTitle "EXT 2014"]
[Source "ChessBase"]
[SourceDate "2013.11.20"]
[SourceVersion "1"]
[SourceVersionDate "2013.11.20"]
[SourceQuality "1"]
[WhiteTeam "Burgsvik Alva"]
[BlackTeam "Orgryte"]
[WhiteTeamCountry "SWE"]
[BlackTeamCountry "SWE"]

1. e4 c6 2. d4 d5 3. e5 Bf5 4. Nf3 e6 5. Be2 c5 6. Be3 cxd4 7. Nxd4 Ne7 8. Nd2 Nbc6 9. N2f3 Be4 10. 0-0 Bxf3 11. Nxf3 Nf5 12. Bf4 Bc5 13. c3 Rc8 14. Bd3 Nfe7 15. a4 Ng6 16. Bg3 a6 17. b4 Bb6 18. h4 Qc7 19. Re1 f5 20. Ng5 Nd8 21. Rc1 h6 22. Nh3 0-0 23. h5 Nh8 24. Nf4 Qe7 25. Qb3 Nc6 26. Rb1 Rfe8 27. c4 Nd4 28. Qa2 dxc4 29. Bxc4 Qg5 30. Kf1 Kh7 31. Rbd1 Nf7 32. Nxe6 Rxe6 33. Rxd4 Bxd4 34. Bxe6 Rc3 35. Bxf7 f4 36. Bg6+ Kh8 37. Qe6 Qd8 38. Bxf4 Rc8 39. Qd6 Qh4 40. Qxd4 1-0

[Event "SWE-chT 1213"]
[Site "Sweden"]
[Date "2013.02.01"]
[Round "6"]
[White "Akerman, Axel"]
[Black "Eriksson, Simon"]
[Result "1-0"]
[WhiteElo "2097"]
[BlackElo "2098"]
[PlyCount "71"]
[EventDate "2012.10.05"]
[EventType "team-tourn"]
[EventRounds "9"]
[EventCountry "SWE"]
[SourceTitle "EXT 2014"]
[Source "ChessBase"]
[SourceDate "2013.11.20"]
[SourceVersion "1"]
[SourceVersionDate "2013.11.20"]
[SourceQuality "1"]
[WhiteTeam "Burgsvik Alva"]
[BlackTeam "Umea Rockaden"]
[WhiteTeamCountry "SWE"]
[BlackTeamCountry "SWE"]

1. e4 c5 2. Nc3 g6 3. f4 Nc6 4. Nf3 Bg7 5. Bb5 Nd4 6. Bc4 e6 7. Nxd4 cxd4 8. Ne2 Qh4+ 9. g3 Qh3 10. Ng1 Qg2 11. Qf3 Qxf3 12. Nxf3 Ne7 13. b3 a6 14. Bd3 d6 15. Ba3 Kd7 16. 0-0 Nc6 17. Ng5 Nd8 18. f5 Be5 19. Nxf7 Re8 20. fxg6 hxg6 21. Nxe5+ dxe5 22. Rf6 Rg8 23. Raf1 b5 24. c4 Kc6 25. Rc1 Kb7 26. Bd6 Bd7 27. Bxe5 Nc6 28. Bd6 Rg7 29. Rcf1 b4 30. e5 Rag8 31. Be4 a5 32. Rf8 Rxf8 33. Rxf8 Ka7 34. Bc5+ Ka6 35. Ra8+ Kb7 36. Ra7+ 1-0

[Event "SWE-chT2 1112"]
[Site "Sweden"]
[Date "2011.10.23"]
[Round "2"]
[White "Lindberg, Henrik"]
[Black "Akerman, Axel"]
[Result "1/2-1/2"]
[WhiteElo "2246"]
[BlackElo "2040"]
[PlyCount "72"]
[EventDate "2011.10.22"]
[EventType "team-tourn"]
[EventRounds "9"]
[EventCountry "SWE"]
[SourceTitle "EXT 2013"]
[Source "ChessBase"]
[SourceDate "2012.11.22"]
[SourceVersion "1"]
[SourceVersionDate "2012.11.22"]
[SourceQuality "1"]
[WhiteTeam "Upsala"]
[BlackTeam "Burgsvik Alva"]
[WhiteTeamCountry "SWE"]
[BlackTeamCountry "SWE"]

1. e4 c5 2. Nf3 Nc6 3. d4 cxd4 4. Nxd4 Nf6 5. Nc3 e5 6. Ndb5 d6 7. Bg5 a6 8. Na3 b5 9. Nd5 Be7 10. Bxf6 Bxf6 11. c3 0-0 12. Nc2 Bg5 13. a4 bxa4 14. Rxa4 a5 15. Bc4 Rb8 16. b3 Kh8 17. 0-0 g6 18. b4 f5 19. exf5 gxf5 20. f4 exf4 21. bxa5 Ne5 22. Qd4 f3 23. gxf3 Rb2 24. Ra2 Rxa2 25. Bxa2 Bf6 26. Nxf6 Qxf6 27. Bd5 f4 28. Kh1 Be6 29. Nb4 Bxd5 30. Nxd5 Qh6 31. a6 Qh3 32. Rf2 Qf5 33. Rf1 Qh3 34. Rf2 Qf5 35. Rb2 Qh3 36. Rf2 Qf5 1/2-1/2